000 00519nam a2200145Ia 4500
001 3013
008 241024s9999 xx 000 0 und d
082 _aRD/371.028/R426p/2013
100 _aRepública Dominicana. Ministerio de Educación
245 0 _aPolítica y estrategia de intervención educativa con tecnologías de información y comunicación. Hacia un modelo de proyecto de centro con integración de TIC
260 _bSanto Domingo
_c2013
590 _asi
901 _a17/7/2013 12:04:55 p.m.
999 _c8924
_d8924